| 000 | 01088cab a22002055a 4500 | ||
|---|---|---|---|
| 001 | L142298 | ||
| 008 | 080201e20080125xxkd f s 000 0 eng d | ||
| 035 | _a(Sirsi) u142298 | ||
| 041 | 0 | _aeng | |
| 100 | 1 | _aMorrison, Doug | |
| 245 | 0 | 0 | _aAffordability at what price? |
| 260 | _c2008 | ||
| 490 |
_aProperty Week _v73(4) 25 January 2008, 50-51(2) |
||
| 520 | _aExamines London's residential market. Reports that the predicted slowdown in 2008 is unlikely to make it easier for buyers to get onto the housing ladder. Suggests that the Mayor's London Plan may be part of the reason why developers are not entering the affordable housing sector. The GLA is reducing the threshold for affordable developments from 15 to 10 in response to CBRE concerns that the threshold is making building too expensive. Provides land and housing statistics by borough and a league table of their performance against the mayor's targets. | ||
| 590 | _aKA | ||
| 650 | 2 | 4 |
_aAffordable housing _96215 |
| 651 | 4 | _aLondon | |
| 690 | _aPROPERTY-RESIDENTIAL PROPERTY-RESIDENTIAL PROPERTY MARKET | ||
| 942 | _n0 | ||
| 999 |
_c79765 _d79765 |
||